LIBRARY & INFORMATION CENTRE, KCAET, TAVANUR

ONLINE PUBLIC ACCESS CATALOGUE (OPAC)

Geographic information system: An Introduction / (Record no. 13099)

MARC details
000 -LEADER
fixed length control field 00378cam a2200145ua 4500
020 ## - INTERNATIONAL STANDARD BOOK NUMBER
ISBN 8126511389
020 ## - INTERNATIONAL STANDARD BOOK NUMBER
ISBN 9788126511389
082 ## - DEWEY DECIMAL CLASSIFICATION NUMBER
Classification number 550.066
Item number BER/GE
100 ## - MAIN ENTRY--AUTHOR NAME
Personal name Bernhardsen , Tor .
245 ## - TITLE STATEMENT
Title Geographic information system: An Introduction /
250 ## - EDITION STATEMENT
Edition statement 3 /
260 ## - PUBLICATION, DISTRIBUTION, ETC. (IMPRINT)
Place of publication New Delhi :
Name of publisher Wiley India Pvt.Limited ,
Year of publication 2002.
300 ## - PHYSICAL DESCRIPTION
Number of Pages 428 ;
Accompanying material `.
942 ## - ADDED ENTRY ELEMENTS (KOHA)
Koha item type Books
Holdings
Withdrawn status Lost status Damaged status Home library Current library Date acquired Full call number Accession Number Koha item type
      KAUAET KAUAET 07/04/2012 550.066 BER/GE 21314 Books
      KAUAET KAUAET 07/04/2012 550.066 BER/GE 22024 Books
free website counter